Normal view
MARC view
- Social groups
Entry Topical Term
001 - CONTROL NUMBER
- control field: 102009
003 - CONTROL NUMBER IDENTIFIER
- control field: NUST
005 - DATE AND TIME OF LATEST TRANSACTION
- control field: 20221031134320.0
008 - FIXED-LENGTH DATA ELEMENTS
- fixed length control field: 221031|| aca||aabn | a|a d
040 ## - CATALOGING SOURCE
- Original cataloging agency: NUST
- Transcribing agency: NUST
150 ## - HEADING--TOPICAL TERM
- Topical term or geographic name entry element: Social groups
670 ## - SOURCE DATA FOUND
- Source citation: Work cat.: (NUST)0: Nakane, Chie, 1926-2021. 102008, Japanese society., 1998.
